| 000 | 01713nam a2200385Ia 4500 | ||
|---|---|---|---|
| 001 | ebr10190469 | ||
| 003 | CaPaEBR | ||
| 006 | m u | ||
| 007 | cr cn||||||||| | ||
| 008 | 070730s2007 mau sb 100 0 eng d | ||
| 020 | _z9780262062657 (hbk) | ||
| 020 | _z9780262562294 (pbk) | ||
| 020 | _z0262562294 (pbk) | ||
| 020 | _z0262062658 (hbk) | ||
| 020 | _z0020562294 (pbk) | ||
| 040 |
_aCaPaEBR _cCaPaEBR |
||
| 035 | _a(OCoLC)166881702 | ||
| 050 | 1 | 4 |
_aHB172.5 _b.I68 2007eb |
| 111 | 2 |
_aInternational Seminar on Macroeconomics _n(28th : _d2005 : _cBudapest, Hungary) |
|
| 245 | 1 | 0 |
_aNBER International seminar on macroeconomics 2005 _h[electronic resource] / _cJeffrey A. Frankel and Christopher A. Pissarides, editors. |
| 260 |
_aCambridge, Mass. ; _aLondon : _bMIT Press, _cc2007. |
||
| 300 | _axvii, 402 p. | ||
| 500 | _a"This volumes contains a selection of the papers originally presented at the 28th International Seminar on Macroeconomics, which took place in Budapest on June 17-18, 2005."--introd. | ||
| 504 | _aIncludes bibliographical references. | ||
| 533 |
_aElectronic reproduction. _bPalo Alto, Calif. : _cebrary, _d2009. _nAvailable via World Wide Web. _nAccess may be limited to ebrary affiliated libraries. |
||
| 650 | 0 |
_aMacroeconomics _vCongresses. |
|
| 650 | 0 |
_aMonetary policy _vCongresses. |
|
| 650 | 0 |
_aFiscal policy _vCongresses. |
|
| 655 | 7 |
_aElectronic books. _2local |
|
| 700 | 1 | _aFrankel, Jeffrey A. | |
| 700 | 1 | _aPissarides, Christopher A. | |
| 710 | 2 | _aNational Bureau of Economic Research. | |
| 710 | 2 | _aebrary, Inc. | |
| 856 | 4 | 0 |
_uhttp://site.ebrary.com/lib/rucke/Doc?id=10190469 _zAn electronic book accessible through the World Wide Web; click to view |
| 999 |
_c234663 _d234663 |
||